International economics : (Record no. 1187)

000 -LEADER
fixed length control field 02048nam a22005177a 4500
001 - CONTROL NUMBER
control field 4812515
003 - CONTROL NUMBER IDENTIFIER
control field LIBRIS
005 - DATE AND TIME OF LATEST TRANSACTION
control field 20241030092837.0
008 - FIXED-LENGTH DATA ELEMENTS--GENERAL INFORMATION
fixed length control field 011211s1987 xxu|||||||||||001 0|eng|c
020 ## - INTERNATIONAL STANDARD BOOK NUMBER
International Standard Book Number 0316504750 ;
Terms of availability CIP rev.
020 ## - INTERNATIONAL STANDARD BOOK NUMBER
International Standard Book Number 0673397335
040 ## - CATALOGING SOURCE
Original cataloging agency H
Transcribing agency DLC
041 ## - LANGUAGE CODE
Language code of text/sound track or separate title eng
080 ## - UNIVERSAL DECIMAL CLASSIFICATION NUMBER
Universal Decimal Classification number 33
Item number K-85
082 04 - DEWEY DECIMAL CLASSIFICATION NUMBER
Classification number 337
Edition number 19
084 ## - OTHER CLASSIFICATION NUMBER
Classification number Qaea
Number source kssb/6
084 ## - OTHER CLASSIFICATION NUMBER
Classification number Qade
Number source kssb/6
084 ## - OTHER CLASSIFICATION NUMBER
Classification number Qaea
Number source kssb/6
084 ## - OTHER CLASSIFICATION NUMBER
Classification number Qade
Number source kssb/6
100 1# - MAIN ENTRY--PERSONAL NAME
Personal name Krugman, Paul R.,
Dates associated with a name 1953-
Authority record control number or standard number https://libris.kb.se/b8nrwnmv49l5kds#it
245 10 - TITLE STATEMENT
Title International economics :
Remainder of title theory and policy /
Statement of responsibility, etc. Paul R. Krugman, Maurice Obstfeld.
260 ## - PUBLICATION, DISTRIBUTION, ETC.
Place of publication, distribution, etc. Glenview, Ill.
Name of publisher, distributor, etc. Little, Brown,
Date of publication, distribution, etc. 1987
300 ## - PHYSICAL DESCRIPTION
Extent xxvii, 656, [35] s.
Other physical details ill.
Dimensions 26 cm
340 ## - PHYSICAL MEDIUM
Dimensions 26 cm
650 #0 - SUBJECT ADDED ENTRY--TOPICAL TERM
Topical term or geographic name entry element International economic relations
650 #0 - SUBJECT ADDED ENTRY--TOPICAL TERM
Topical term or geographic name entry element International finance
650 #4 - SUBJECT ADDED ENTRY--TOPICAL TERM
Topical term or geographic name entry element Internationell ekonomi
650 #4 - SUBJECT ADDED ENTRY--TOPICAL TERM
Topical term or geographic name entry element Internationell ekonomi
653 ## - INDEX TERM--UNCONTROLLED
Uncontrolled term ეკონომიკა
700 1# - ADDED ENTRY--PERSONAL NAME
Personal name Obstfeld, Maurice
Authority record control number or standard number https://libris.kb.se/20dhqp5l4ccg7nz#it
887 ## - NON-MARC INFORMATION FIELD
Content of non-MARC field {"@id":"tb4wrdd53t56bl6","modified":"2017-11-17T14:45:45+01:00","checksum":"70701609635"}
Source of data librisxl
887 ## - NON-MARC INFORMATION FIELD
Content of non-MARC field {"@id":"chn86clj2r562q6","modified":"2017-02-20T10:52:55+01:00","checksum":"-1185309109"}
Source of data librisxl
887 ## - NON-MARC INFORMATION FIELD
Content of non-MARC field {"@id":"fkqb8fnl3nb3v61","modified":"2018-06-05T17:38:10.3+02:00","checksum":"5580508622"}
Source of data librisxl
887 ## - NON-MARC INFORMATION FIELD
Content of non-MARC field {"@id":"glrc9gpm5bpkbpf","modified":"2017-11-17T14:45:31+01:00","checksum":"-1501757203"}
Source of data librisxl
887 ## - NON-MARC INFORMATION FIELD
Content of non-MARC field {"@id":"gls7rlnm5q9cl7c","modified":"2012-06-25T13:15:26+02:00","checksum":"7816575255"}
Source of data librisxl
900 1s - EQUIVALENCE OR CROSS-REFERENCE-PERSONAL NAME [LOCAL, CANADA]
Linkage 100
Dates associated with a name 1953-
Affiliation Krugman, Paul R.,
Dates associated with a name 1953-
942 ## - ADDED ENTRY ELEMENTS (KOHA)
Source of classification or shelving scheme
Koha item type Books
Holdings
Withdrawn status Lost status Source of classification or shelving scheme Damaged status Not for loan Permanent location Current location Date acquired Inventory number Total Checkouts Full call number Barcode Date last seen Price effective from Koha item type
          Ken Walker International University Ken Walker International University 02/04/2021 676   33 K-85 676 02/04/2021 02/04/2021 Books

Powered by Koha